Dictionary of Legal Words and Phrases / (Record no. 2960)

MARC details
000 -LEADER
fixed length control field 00470nam a22001577a 4500
005 - DATE AND TIME OF INPUT
control field 20240830093116.0
008 - DATA ELEMENTS--GENERAL INFORMATION
fixed length control field 240830b |||||||| |||| 00| 0 eng d
041 ## - LANGUAGE CODE
Language code of text 9780409019834
082 ## - SHELF NUMBER
DDC number 340.03
100 ## - MAIN AUTHOR
Language of a work English
245 ## - TITLE STATEMENT
Title Dictionary of Legal Words and Phrases /
Statement of responsibility, etc. R.C Claassen
260 ## - PUBLICATION, DISTRIBUTION, ETC.
Place of publication, distribution, etc. Durban:
Name of publisher, distributor, etc. LexisNexis (Pty) Ltd,
Date of publication, distribution, etc. 1997
300 ## - PHYSICAL DESCRIPTION
Other physical details xi, 179 pages;
Dimensions 25 cm.
650 ## - SUBJECT`
Broad subject Legal practice
Own subject terms Law
942 ## - ADDED ENTRY ELEMENTS (KOHA)
Item type Books
942 ## - ADDED ENTRY ELEMENTS (KOHA)
-- ALISON_BN_VRIES
Holdings
Source of classification or shelving scheme Volume number (bound volume or other part) Not for loan Collection code Home library Current library Shelving location Date acquired Full call number Barcode Price effective from Koha item type
Dewey Decimal Classification Volume 1 A-C   DICTIONARY LAW SOCIETY OF NAMIBIA LIBRARY - WINDHOEK LAW SOCIETY OF NAMIBIA LIBRARY - WINDHOEK DICTIONARY 08/30/2024 340.03CLA LSN/2023/4115 08/30/2024 Books
Dewey Decimal Classification Volume 2 D-1   DICTIONARY LAW SOCIETY OF NAMIBIA LIBRARY - WINDHOEK LAW SOCIETY OF NAMIBIA LIBRARY - WINDHOEK DICTIONARY 08/30/2024 340.03CLA LSN/2023/4116 08/30/2024 Books
Dewey Decimal Classification Volume 3 J-P   DICTIONARY LAW SOCIETY OF NAMIBIA LIBRARY - WINDHOEK LAW SOCIETY OF NAMIBIA LIBRARY - WINDHOEK DICTIONARY 08/30/2024 340.03CLA LSN/2023/4117 08/30/2024 Books
Dewey Decimal Classification Volume 4 Q-Z   DICTIONARY LAW SOCIETY OF NAMIBIA LIBRARY - WINDHOEK LAW SOCIETY OF NAMIBIA LIBRARY - WINDHOEK DICTIONARY 08/30/2024 340.03CLA LSN/2023/4118 08/30/2024 Books